El origen de la tragedia

Uloženo v:
Podrobná bibliografie
Další autoři: Ovejero y Maury, Eduardo (traductor)
Médium: Kniha
Jazyk:španělština
Vydáno: Buenos Aires Espasa Calpe 1943
Edice:Colección Austral, 356
Témata:
Tagy: Přidat tag
Žádné tagy, Buďte první, kdo vytvoří štítek k tomuto záznamu!

MARC

LEADER 00000nam a2200000 a 4500
001 UCW6855
003 CL-VaPUC
005 20221223103446.0
008 920615e19430000AG |||||||||||||||||spa|d
999 |c 219775  |d 219773 
040 |c Pontificia Universidad Católica de Valparaíso 
082 0 4 |a 146.4  |b NIE  |2 21 
245 1 3 |a El origen de la tragedia 
260 |a Buenos Aires  |b Espasa Calpe  |c 1943 
300 |a 168 p 
490 0 |a Colección Austral, 356 
583 |a last modification  |c 19920615 00:00:00  |k Rodrigo Vera 
650 7 |a TRAGEDIA GRIEGA HISTORIA Y CRITICA  |2 CL-VaPUC  |9 311939 
700 |a Ovejero y Maury, Eduardo  |e traductor  |9 879558 
942 |c BK  |2 ddc 
945 |d 19920615 00:00:00